000 00371nam a22001577a 4500
003 MPLRDC
005 20220104125217.0
008 210129b ||||| |||| 00| 0 eng d
082 _a857.9 QH-13 v.1
100 _a秦红
245 _a七十二恶人. 上
_c
260 _a
_b四维出版社
_c
300 _b
650 _a武侠小说
942 _cBK
_o857.9 QH-13 v.1
999 _c25546
_d25536